|
|
|
|
| LEADER |
00000nab a2200000 ar4500 |
| 001 |
vtls008418674 |
| 003 |
SK-MaSNL |
| 005 |
20260303070048.0 |
| 008 |
051215c2005 xo mr|p|||||||000 b|slo |
| 015 |
|
|
|a SNBRB2005/12
|2 snkbucl
|
| 038 |
|
|
|a SNKBUCL
|
| 040 |
|
|
|a SNKBUCL
|b slo
|c SNKBUCL
|e AACR2
|
| 041 |
0 |
|
|a slo
|
| 044 |
|
|
|a xo
|c SK
|
| 080 |
|
|
|a 82.09:821.111 (73)-31
|x (048)
|2 UDC-MRF-SK2
|
| 080 |
|
|
|a 821.111 (73)-31
|x (048)
|2 UDC-MRF-SK2
|
| 100 |
1 |
|
|a Javorková, Monika,
|d 1973-
|4 aut
|9 200752
|
| 245 |
1 |
0 |
|a Mozaika biedy a lásky
|c Monika Javorková
|
| 650 |
0 |
7 |
|a spoločenské romány, americké
|x recenzie
|2 snkbucl
|9 55729
|
| 773 |
0 |
|
|t Knižná revue
|g Roč. XV, č. 20 (2005), s. 5
|x 1210-1982
|
| 787 |
0 |
8 |
|i Rec.:
|a Steinbeck, John, 1902-1968
|t Na plechárni
|d Bratislava : Slovart, 2005
|z 8071459933
|
| 852 |
|
|
|a SNK
|b KIS3GCP
|
| 958 |
|
|
|a LX
|
| 958 |
|
|
|a US
|
| 958 |
|
|
|a RC
|
| 999 |
|
|
|c 1753762
|d 1755692
|